<?xml version="1.0" encoding="UTF-8"?>
<record
    xmlns:xsi="http://www.w3.org/2001/XMLSchema-instance"
    xsi:schemaLocation="http://www.loc.gov/MARC21/slim http://www.loc.gov/standards/marcxml/schema/MARC21slim.xsd"
    xmlns="http://www.loc.gov/MARC21/slim">

  <leader>01367nam a2200241Ia 4500</leader>
  <controlfield tag="001">IA_Considering the magnitude and importance of this work is for the most vulnerable sector (primary sector), we decided to contribute and participate in the realization. After processing, evaluation and opinion of the business plan, you may say that part of the requirements that suggests any instance of financing, as embodied in a document, and it's about time to fulfill the other requirements and starts the acquisition of machinery and infrastructure, and construction of civil works and obtaining all the equipment to start the same activities.</controlfield>
  <controlfield tag="002">PLAN DE NEGOCIOS PARA ESTABLECER UNA PLANTA EXTRAC</controlfield>
  <controlfield tag="008">220117s    xx            000 0 und d</controlfield>
  <datafield tag="010" ind1=" " ind2=" ">
    <subfield code="a">184147</subfield>
  </datafield>
  <datafield tag="530" ind1=" " ind2=" ">
    <subfield code="a">Disponible en PDF</subfield>
  </datafield>
  <datafield tag="650" ind1=" " ind2=" ">
    <subfield code="a">Aceite de palma  </subfield>
    <subfield code="9">446</subfield>
  </datafield>
  <datafield tag="650" ind1=" " ind2=" ">
    <subfield code="a">Elaeis guineensis  </subfield>
  </datafield>
  <datafield tag="650" ind1=" " ind2=" ">
    <subfield code="a">Entrepreneurship</subfield>
    <subfield code="9">148030</subfield>
  </datafield>
  <datafield tag="650" ind1=" " ind2="0">
    <subfield code="a">Fats and oils industry</subfield>
    <subfield code="z">Mexico  </subfield>
    <subfield code="9">156440</subfield>
  </datafield>
  <datafield tag="650" ind1=" " ind2="0">
    <subfield code="a">Industria de la grasa y el aceite</subfield>
    <subfield code="z">M&#xE9;xico  </subfield>
    <subfield code="9">156441</subfield>
  </datafield>
  <datafield tag="650" ind1=" " ind2=" ">
    <subfield code="a">Iniciativa empresarial  </subfield>
    <subfield code="9">148031</subfield>
  </datafield>
  <datafield tag="650" ind1=" " ind2=" ">
    <subfield code="a">Palm oils  </subfield>
    <subfield code="9">154187</subfield>
  </datafield>
  <datafield tag="700" ind1=" " ind2=" ">
    <subfield code="a">Ascencio Rivera, J. Rogelio, asesor </subfield>
    <subfield code="9">163689</subfield>
  </datafield>
  <datafield tag="700" ind1="1" ind2=" ">
    <subfield code="a">Ponce Hern&#xE1;ndez, Pedro</subfield>
    <subfield code="9">147918</subfield>
  </datafield>
  <datafield tag="700" ind1=" " ind2=" ">
    <subfield code="a">Reyna Izaguirre, Diana Am&#xE9;rica, asesor</subfield>
    <subfield code="9">163686</subfield>
  </datafield>
  <datafield tag="942" ind1=" " ind2=" ">
    <subfield code="c">TESIS A53 2010</subfield>
  </datafield>
  <datafield tag="999" ind1=" " ind2=" ">
    <subfield code="c">184147</subfield>
    <subfield code="d">184147</subfield>
  </datafield>
</record>
